| 000 | 00393nam a2200157Ia 4500 | ||
|---|---|---|---|
| 008 | 230917s9999||||xx |||||||||||||| ||und|| | ||
| 020 | _cPOU12.95 | ||
| 040 |
_e9288 _aMAIN |
||
| 041 | _aEnglish | ||
| 082 | _a301.045 L334M | ||
| 100 | _aLash, Scott, ed. | ||
| 245 | 0 | _aMax Weber rationality and modernity | |
| 260 |
_aBoston _bAllen and Unwin _c1987 |
||
| 300 | _axvii, 394 p. | ||
| 942 | _cBK | ||
| 999 |
_c56823 _d56823 |
||